Traité de zoologie. T.1 - P.2

Guardat en:
Dades bibliogràfiques
Autor principal: Pierre P Grassé
Format: Llibre
Idioma:Undetermined
Publicat: Paris Masson et Cie 1952
Matèries:
Etiquetes: Afegir etiqueta
Sense etiquetes, Sigues el primer a etiquetar aquest registre!
Thư viện lưu trữ: Trung tâm Học liệu Trường Đại học Cần Thơ
LEADER 00477nam a2200181Ia 4500
001 CTU_26276
008 210402s9999 xx 000 0 und d
082 |a 591 
082 |b G768/T.1 - P.2 
100 |a Pierre P Grassé 
245 0 |a Traité de zoologie. T.1 - P.2 
245 0 |c Pierre P Grassé 
260 |a Paris 
260 |b Masson et Cie 
260 |c 1952 
650 |a zoology 
904 |i Minh, 981013 
980 |a Trung tâm Học liệu Trường Đại học Cần Thơ